Statistics for Games By Rockstar

Click here to take the quiz!

General Stats

  • This quiz has been taken 63 times
  • The average score is 18 of 53

Answer Stats

Year ReleasedGame% Correct
1997Grand Theft Auto
100%
2013Grand Theft Auto V
98%
2001Grand Theft Auto III
94%
2008Grand Theft Auto IV
94%
1999Grand Theft Auto 2
91%
2002Grand Theft Auto: Vice City
91%
2010Red Dead Redemption
89%
2018Red Dead Redemption 2
89%
2004Grand Theft Auto: San Andreas
81%
2006Bully
77%
2009Grand Theft Auto: Chinatown Wars
60%
2005Grand Theft Auto: Liberty City Stories
60%
2004Red Dead Revolver
55%
2006Grand Theft Auto: Vice City Stories
51%
2011L.A. Noire
49%
2001Max Payne
40%
2003Max Payne 2: The Fall Of Max Payne
38%
2012Max Payne 3
38%
2003Manhunt
34%
1999Grand Theft Auto: London 1969
32%
2000Midnight Club: Street Racing
32%
2009Grand Theft Auto: The Ballad Of Gay Tony
28%
2007Manhunt 2
28%
1999Grand Theft Auto: London 1961
26%
2003Midnight Club II
26%
2006Rockstar Games Presents Table Tennis
26%
2004Grand Theft Auto Advance
23%
2005Midnight Club 3: DUB Edition
21%
2009The Lost And Damned
21%
TBAAgent
19%
2010Red Dead Redemption: Undead Nightmare
17%
2009Grand Theft Auto: Episodes From Liberty City
15%
2008Midnight Club: Los Angeles
15%
2005The Warriors
15%
2009Beaterator
11%
2001The Italian Job
9%
1999Earthworm Jim 3D
6%
2001Oni
6%
2000Smuggler's Run
6%
2001Smuggler's Run 2: Hostile Territory
6%
2002State Of Emergency
6%
2008Bully Scholarship Edition
4%
2000Surfing H30
4%
2000Austin Powers: On Behave!
2%
2000Austin Powers: Welcome To My Ungerground Lair
2%
1999Evel Knievel: The Game
2%
2008Midnight Club: L.A. Remix
2%
1999Monster Truck Madness 64
2%
2002Smuggler's Run Warzones
2%
1999Thrasher Presents Skate And Destroy
2%
1999Wild Metal Country
2%
2000Wild Metal: Reclaim The Future
2%
2006Midnight Club 3: DUB Edition Remix
0%

Score Distribution

Percentile by Number Answered

Percent of People with Each Score

Your Score History

You have not taken this quiz